MARC

LEADER 00000nam0a2200000 4500
001 307419
005 20231102002007.0
035 |a (RuTPU)RU\TPU\book\332712 
035 |a RU\TPU\book\293609 
090 |a 307419 
100 |a 20151020d1982 k y0rusy5003 ca 
101 0 |a rus 
102 |a RU 
105 |a a z 001zy 
200 1 |a Строительство шахт, рудников и подземных сооружений  |e межвузовский научный тематический сборник  |f Свердловский горный институт им. В. В. Вахрушева ; под ред. А. С. Щукина, Б. Ф. Горбунова 
210 |a Свердловск  |c Свердловский горный ин-т  |d 1982 
215 |a 103 с.  |c ил. 
320 |a Библиогр. в конце ст. 
606 1 |a Шахтное строительство, предприятия  |x Управление  |2 stltpush  |3 (RuTPU)RU\TPU\subj\19051  |9 44375 
610 1 |a рудники 
610 1 |a подземные сооружения 
610 1 |a строительство 
610 1 |a динамика 
610 1 |a выработки 
610 1 |a взрывные работы 
610 1 |a проходка 
610 1 |a вертикальные стволы 
610 1 |a шпуры 
610 1 |a бурение 
610 1 |a горная крепь 
610 1 |a крепление 
610 1 |a буровзрывные работы 
610 1 |a горные породы 
610 1 |a замораживание 
675 |a 622.012.2:69  |z rus  |v 4 
702 1 |a Щукин  |b А. С.  |g Александр Семенович  |4 340 
702 1 |a Горбунов  |b Б. Ф.  |4 340 
712 0 2 |a Свердловский горный институт им. В. В. Вахрушева  |c (1934-1991)  |2 stltpush  |3 (RuTPU)RU\TPU\col\6743  |9 24264 
801 0 |a RU  |b 63413507  |c 19950417  |g psbo 
801 1 |a RU  |b 63413507  |c 20140926 
801 2 |a RU  |b 63413507  |c 20171012  |g RCR 
942 |c BK